Qui a dit ... (Rap français) 4 - Statistiques

Statistiques générales
  • Ce quiz a été pris 144 fois
  • Le résultat moyen est 2 sur 20
Statistiques - réponses
Phrases Rappeur % Correct
J'me réveille, on m'appelle, on m'annonce que t'es mort, comme si c'était hier, c'est dans ma tête, c'est dans ma tête encore, j'sais plus quoi faire, la vie à quoi elle sert si j'ai perdu mon pote. Kaza
52%
Pour commencer, je lui vise la tête, que sa mère ne puisse pas l'embrasser à la morgue. Soso Maness
29%
J'rêvais d'jouer à San Siro, j'ai finis par vendre dans le barrio, 3 balles dans le barillet, j'ai pas de 4G j'suis pas branché. Sasso
18%
Ça visser quand y a les keufs normal, comment tu veux gérer un cas social rempli de haine, la rage d'un animal ? DTF
12%
Quand la rue t'fais des appels, apprend à baisser ton regard. Guizmo
10%
Welcome to Uno Siete Dos, le boloss réclame ça dose, il a fumé le pétou il a vu rose, sur le terrain j'dunk comme Derrick.Rose. L2B
9%
Mon cœur est noire comme mon gava Afghan, j'suis satisfait seulement quand je vois couler le sang. Bosh
7%
J'vais leur faire des trous dans le torse, refuse pas d'tête même avec entorse. Maes
7%
Hé, j'la découpe la machette, minuit-10 heures j'revends la mache, y'a d'l'avocat, du taga, au comico ferme ta gu*ule. #31#
6%
J'ai vu mon reflet dans le miroir, j'ai mis des anciens res-frè dans le tiroir. Lacrim
6%
En sachet la frappe à Drogba, et la massa on l'enroule à la Pogba. KLN93
5%
Meskin il n'connait pas la mosquée, il préfère l'adoration de sa grosse liasse. YL
5%
On est mignon comme tout, les grosses têtes dans l'grinder. DA Uzi
4%
Chez nous les Arnaud sont les ients-cli, ça fait 30 balles par jour c'est des bandits. RK
4%
On laisse parler les balles donc nous manque pas de respect, a l'aise dans le game et on va y rester. CG6
3%
Le quartier va nous yet yet ta chute est brutale, toi tu parles trop mais le silence est vital. Hornet la Frappe
3%
Eh, c'est ça la vie, vivre dans ton rêve ou mourir dans leur cauchemar. ISK
2%
Folle dans les match j'fais danser les épiciers, sans forcer, on fait danser toute ta cité. Junior Bvndo
2%
T'es pas la famille, cherche quelqu'un d'autre pour t'avancer. Tiitof
2%
J'reve de maletes, de bifton, de cocktails au citron, de Kim Kardashien et de grosses maisons. 2viz
1%
Aucun quiz correspondant
Distribution des résultats
% des personnes avec chaque résultat
Percentile par nombre de réponses
Votre historique - résultats
Vous n’avez pas pris ce quiz